书目信息 |
| 题名: |
口腔助理医师考试指南
|
|
| 作者: | 马国武 主编 ;<<口腔助理医师考试指南>>专家编写组 编 | |
| 分册: | ||
| 出版信息: | 北京 中国协和医科大学出版社 2007.03 |
|
| 页数: | 798页 | |
| 开本: | 26cm | |
| 丛书名: | ||
| 单 册: | ||
| 中图分类: | R78-62 | |
| 科图分类: | ||
| 主题词: | 口腔科学--kou qiang ke xue--医师--资格考核--习题 | |
| 电子资源: | ||
| ISBN: | 978-7-81072-886-7 | |
| 000 | 01124 nam 000277 | |
| 001 | 0100000276 | |
| 005 | 20070703090231.20 | |
| 010 | @a978-7-81072-886-7@dCNY86.00 | |
| 100 | @a20070606d2007 ekmy0chiy50 ea | |
| 101 | 0 | @achi |
| 102 | @aCN@b110000 | |
| 105 | @ay a 000yy | |
| 200 | 1 | @a口腔助理医师考试指南@Akou qiang zhu li yi shi kao shi zhi na@f马国武主编@Fma guo wu zhu bian@g《口腔助理医师考试指南》专家编写组编@G《kou qiang zhu li yi shi kao shi zhi nan》zhuan jia bian xie zu bian |
| 210 | @a北京@c中国协和医科大学出版社@d2007.03 | |
| 215 | @a798页@d26cm | |
| 300 | @a国家执业医师资格考试(2007版) | |
| 320 | @a本书末有参考文献 | |
| 330 | @a本书涵盖了最新版卫生部医师资格考试委员会国家医学考试中心制定的口腔执业助理医师资格考试大纲的全部内容. | |
| 606 | 0 | @a口腔科学@Akou qiang ke xue@x医师@x资格考核@x习题 |
| 690 | @aR78-62@v4 | |
| 701 | 0 | @a马国武@Ama guo wu@4主编 |
| 712 | 02 | @a<<口腔助理医师考试指南>>专家编写组@A<< kou qiang zhu li yi shi kao shi zhi na >> zhuan jia bian xie zu@4编 |
| 801 | 0 | @aCN@bYXSD@c20070703 |
| 901 | @a1111 | |
| 905 | @aBZT@dR78-62@e3@f6 | |
| 906 | @dCNY86.00@n0@r1 | |
| 口腔助理医师考试指南/马国武主编/《口腔助理医师考试指南》专家编写组编.-北京:中国协和医科大学出版社,2007.03 |
| 798页;26cm |
| 国家执业医师资格考试(2007版) |
| ISBN 978-7-81072-886-7:CNY86.00 |
| 本书涵盖了最新版卫生部医师资格考试委员会国家医学考试中心制定的口腔执业助理医师资格考试大纲的全部内容. |
| ● |
| 相关链接 |
|
|
|
正题名:口腔助理医师考试指南
索取号:R78-62/3
 
预约/预借
| 序号 | 登录号 | 条形码 | 馆藏地/架位号 | 状态 | 备注 |
| 1 | 0568958 | 230188316 | 样本书库/样005架A面5层3列/ [索取号:R78-62/3] | 在馆 | |
| 2 | 0568959 | 230188315 | 中心书库中库/ 中库014架B面5列4层12/ [索取号:R78-62/3] | 在馆 | |
| 3 | 0568960 | 230188314 | 中心书库中库/ 中库014架B面5列4层11/ [索取号:R78-62/3] | 在馆 | |
| 4 | 0568961 | 230188313 | 中心书库中库/ 中库014架B面5列4层20/ [索取号:R78-62/3] | 在馆 | |
| 5 | 0568962 | 230188312 | 中心书库中库/ 中库014架B面5列4层23/ [索取号:R78-62/3] | 在馆 | |
| 6 | 0568963 | 230188317 | 中心书库中库/ 中库014架B面5列5层6/ [索取号:R78-62/3] | 在馆 |